Manual de historia de Haití / (Registro nro. 14386)

Detalles MARC
000 -LIDER
fixed length control field 00863nam a2200253 a 4500
001 - NÚMERO DE CONTROL
Identificador de número de control 000011253
003 - IDENTIFICACDOR DE NÚMERO DE CONTROL
control field DO-SdBNP
005 - DATE AND TIME OF LATEST TRANSACTION
control field 20230503103243.0
008 - ELEMENTOS DE LONGITUD FIJA
fixed length control field 091015s1979 dr 000 0 spa d
020 ## - ISBN
International Standard Book Number 8484010236
040 ## - FUENTE DE CATALOGACIÓN
Agencia que crea de manera original el registro DO-SdBNP
Idioma de catalogación spa
Agencia que realiza la transcripción BPMSU
082 ## - NÚMERO DE CLASIFICACIÓN DECIMAL DE DEWEY
Classification number 972.94
Item number D717m 1979
Edition number 22
100 1# - ASIENTO PRINCIPAL -- NOMBRE PERSONAL
Nombre personal Dorsainvil, Jean Crisostome
Fechas asociadas con el nombre 1880-1942.
245 10 - MENCIÓN DE TITULO
Título Manual de historia de Haití /
Mención de responsabilidad Jean Crisostome Dorsainvil; prólogo Hermano Archange.
260 ## - PUBLICACIÓN, DISTRIBUCIÓN, ETC. (PIE DE IMPRENTA)
Lugar de publicación, distribución, etc Santo Domingo :
Nombre del editor, distribuidor, etc. Editora de Santo Domingo,
Fecha de publicación, distribución, etc 1979.
300 ## - DESCRIPCIÓN FÍSICA
Extensión 342 p. ;
Dimensiones 23 cm.
490 0# - MENCIÓN DE SERIES
Mención de serie Cultura dominicana
-- Sociedad Dominicana de Bibliófilos ;
Volume/sequential designation 30
590 ## - NOTA LOCAL
Enlace Inventariado, 2023/VM
651 #4 - ENCABEZAMIENTO DE MATERIA--NOMBRE GEOGRÁFICO
Nombre geográfico Haití
Subdivisión temática general Historia
651 #4 - ENCABEZAMIENTO DE MATERIA--NOMBRE GEOGRÁFICO
Nombre geográfico Haití
Subdivisión temática general Política y gobierno
-- Historia
700 1# - ASIENTO SECUNDARIO -- NOMBRE PERSONAL
Nombre personal Archange, Hermano
Mención de responsabilidad pról.
910 ## - VALIDACIÓN
Validación VMateo V. Control de calidad (BPMSU)
942 ## - ADDED ENTRY ELEMENTS (KOHA)
Source of classification or shelving scheme Dewey Decimal Classification
Koha item type Libros
Existencias
Withdrawn status Lost status Source of classification or shelving scheme Damaged status Not for loan Collection code Home library Current library Date acquired Source of acquisition Total Checkouts Full call number Barcode Date last seen Price effective from Koha item type
    Dewey Decimal Classification     Colección Dominicana Biblioteca Pública Metropolitana Salomé Ureña Biblioteca Pública Metropolitana Salomé Ureña 05/03/2023 COPARDOM   BPMSU CD 972.94 D717m 1979 BPMSU23050003 05/03/2023 05/03/2023 Libros